[Event "Russian Championship (Rapid, Men)"]
[Site "Sochi"]
[Date "2018.10.05"]
[Round "5.36"]
[White "Smagin, Sergey"]
[Black "Remizov, Yaroslav"]
[Result "1-0"]
[BlackElo "2205"]
[WhiteElo "2442"]
[LiveChessVersion "1.4.8"]

1. e4 {[%clk 0:15:19]} c5 {[%clk 0:15:18]} 2. c3 {[%clk 0:15:21]} Nf6
{[%clk 0:15:10]} 3. e5 {[%clk 0:15:29]} Nd5 {[%clk 0:15:19]} 4. Nf3
{[%clk 0:15:38]} Nc6 {[%clk 0:15:21]} 5. Na3 {[%clk 0:15:46]} d6 {[%clk 0:14:55]}
6. exd6 {[%clk 0:15:51]} e6 {[%clk 0:14:30]} 7. Nc4 {[%clk 0:15:58]} Bxd6
{[%clk 0:13:37]} 8. Nxd6+ {[%clk 0:15:49]} Qxd6 {[%clk 0:13:46]} 9. d4
{[%clk 0:15:57]} cxd4 {[%clk 0:13:51]} 10. Nxd4 {[%clk 0:16:06]} Nxd4
{[%clk 0:13:36]} 11. Qxd4 {[%clk 0:16:14]} O-O {[%clk 0:13:28]} 12. c4
{[%clk 0:15:01]} Qb6 {[%clk 0:13:37]} 13. Qxb6 {[%clk 0:15:04]} Nxb6
{[%clk 0:13:46]} 14. Be3 {[%clk 0:12:28]} Bd7 {[%clk 0:13:55]} 15. Be2
{[%clk 0:11:07]} Bc6 {[%clk 0:13:02]} 16. f3 {[%clk 0:11:11]} f6 {[%clk 0:12:38]}
17. b3 {[%clk 0:11:00]} e5 {[%clk 0:11:34]} 18. Rd1 {[%clk 0:11:02]} Rad8
{[%clk 0:09:41]} 19. Kf2 {[%clk 0:11:10]} e4 {[%clk 0:09:02]} 20. fxe4
{[%clk 0:08:50]} Bxe4 {[%clk 0:09:06]} 21. Bf3 {[%clk 0:06:48]} Bxf3
{[%clk 0:08:40]} 22. Kxf3 {[%clk 0:06:57]} Nd7 {[%clk 0:08:33]} 23. Bd4
{[%clk 0:03:41]} Rfe8 {[%clk 0:07:47]} 24. Rhe1 {[%clk 0:03:03]} Rxe1
{[%clk 0:07:21]} 25. Rxe1 {[%clk 0:03:12]} Kf7 {[%clk 0:07:31]} 26. Re2
{[%clk 0:02:24]} a6 {[%clk 0:07:22]} 27. g4 {[%clk 0:01:53]} Nb8 {[%clk 0:06:00]}
28. Bc3 {[%clk 0:01:27]} Nc6 {[%clk 0:05:44]} 29. h3 {[%clk 0:01:16]} Nd4+
{[%clk 0:05:10]} 30. Bxd4 {[%clk 0:01:24]} Rxd4 {[%clk 0:05:20]} 31. Ke3
{[%clk 0:01:14]} Rd1 {[%clk 0:04:16]} 32. Kf4 {[%clk 0:01:15]} Rf1+
{[%clk 0:03:40]} 33. Ke4 {[%clk 0:01:19]} Ke6 {[%clk 0:03:39]} 34. Kd4+
{[%clk 0:01:23]} Kd6 {[%clk 0:03:35]} 35. c5+ {[%clk 0:01:31]} Kd7
{[%clk 0:03:40]} 36. Re3 {[%clk 0:01:39]} f5 {[%clk 0:03:18]} 37. gxf5
{[%clk 0:01:16]} Rxf5 {[%clk 0:03:27]} 38. b4 {[%clk 0:01:25]} Rh5
{[%clk 0:03:21]} 39. a3 {[%clk 0:01:31]} Kc6 {[%clk 0:02:07]} 40. Re6+
{[%clk 0:01:34]} Kd7 {[%clk 0:02:04]} 41. Re3 {[%clk 0:01:42]} Kc6
{[%clk 0:02:13]} 42. Rg3 {[%clk 0:01:51]} g6 {[%clk 0:02:10]} 43. Rf3
{[%clk 0:02:00]} Kd7 {[%clk 0:01:30]} 44. Rf7+ {[%clk 0:01:59]} Kc6
{[%clk 0:01:29]} 45. Rf6+ {[%clk 0:02:04]} Kd7 {[%clk 0:01:36]} 46. Rf3
{[%clk 0:02:13]} Ke6 {[%clk 0:01:30]} 47. Re3+ {[%clk 0:02:06]} Kd7
{[%clk 0:01:39]} 48. Kc4 {[%clk 0:02:12]} Rh4+ {[%clk 0:01:40]} 49. Kb3
{[%clk 0:02:13]} g5 {[%clk 0:01:19]} 50. Ka4 {[%clk 0:02:15]} h5 {[%clk 0:00:55]}
51. Ka5 {[%clk 0:02:22]} Kc7 {[%clk 0:00:21]} 52. a4 {[%clk 0:02:28]} g4
{[%clk 0:00:23]} 53. hxg4 {[%clk 0:02:34]} Rxg4 {[%clk 0:00:22]} 54. Re7+
{[%clk 0:02:41]} Kc6 {[%clk 0:00:23]} 55. Re6+ {[%clk 0:02:49]} Kc7
{[%clk 0:00:28]} 56. Rh6 {[%clk 0:02:12]} Rg5 {[%clk 0:00:23]} 57. Rh8
{[%clk 0:01:54]} Rf5 {[%clk 0:00:25]} 58. Re8 {[%clk 0:01:15]} Rg5
{[%clk 0:00:25]} 59. Re4 {[%clk 0:01:23]} Rf5 {[%clk 0:00:30]} 60. Rc4
{[%clk 0:01:21]} Rg5 {[%clk 0:00:34]} 61. Rf4 {[%clk 0:01:22]} Re5
{[%clk 0:00:23]} 62. Rf7+ {[%clk 0:01:30]} Kc6 {[%clk 0:00:30]} 63. Rh7
{[%clk 0:01:39]} Rg5 {[%clk 0:00:33]} 64. b5+ {[%clk 0:01:35]} axb5
{[%clk 0:00:42]} 65. axb5+ {[%clk 0:01:44]} Kxc5 {[%clk 0:00:51]} 66. Rc7+
{[%clk 0:01:33]} Kd4 {[%clk 0:00:57]} 67. Rxb7 {[%clk 0:01:41]} Ke4
{[%clk 0:01:03]} 68. Ka6 {[%clk 0:01:39]} Kf4 {[%clk 0:01:01]} 69. Rh7
{[%clk 0:01:33]} Kg4 {[%clk 0:00:22]} 70. b6 {[%clk 0:01:42]} h4 {[%clk 0:00:23]}
71. b7 {[%clk 0:01:50]} Rg8 {[%clk 0:00:31]} 72. Rg7+ {[%clk 0:01:51]} Rxg7
{[%clk 0:00:40]} 73. b8=Q {[%clk 0:01:59]} h3 {[%clk 0:00:26]} 74. Kb5
{[%clk 0:01:52]} Rg5+ {[%clk 0:00:15]} 75. Kc4 {[%clk 0:02:00]} Kf3
{[%clk 0:00:17]} 76. Qh2 {[%clk 0:01:58]} Rh5 {[%clk 0:00:19]} 77. Kd4
{[%clk 0:02:06]} Rh8 {[%clk 0:00:19]} 78. Kd3 {[%clk 0:01:58]} Rd8+
{[%clk 0:00:26]} 79. Kc2 {[%clk 0:02:07]} Rh8 {[%clk 0:00:22]} 80. Kd2
{[%clk 0:02:16]} Kg4 {[%clk 0:00:19]} 81. Ke3 {[%clk 0:02:14]} Re8+
{[%clk 0:00:24]} 82. Kf2 {[%clk 0:02:22]} Rf8+ {[%clk 0:00:33]} 83. Kg1
{[%clk 0:02:32]} Rf3 {[%clk 0:00:39]} 84. Qe2 {[%clk 0:02:35]} Kg3
{[%clk 0:00:44]} 85. Qe1+ {[%clk 0:02:41]} Kf4 {[%clk 0:00:44]} 86. Kh2
{[%clk 0:02:37]} Re3 {[%clk 0:00:53]} 87. Qb4+ {[%clk 0:02:37]} Ke5
{[%clk 0:00:47]} 88. Qc5+ {[%clk 0:02:45]} Ke4 {[%clk 0:00:55]} 89. Qc4+
{[%clk 0:02:52]} Ke5 {[%clk 0:00:57]} 90. Kg1 {[%clk 0:02:38]} Rf3
{[%clk 0:01:03]} 91. Qg4 {[%clk 0:02:41]} Rb3 {[%clk 0:00:33]} 92. Qc4
{[%clk 0:01:55]} Rf3 {[%clk 0:00:28]} 93. Qc6 {[%clk 0:01:31]} Kf4
{[%clk 0:00:30]} 94. Qd5 {[%clk 0:01:29]} Re3 {[%clk 0:00:14]} 95. Kf2
{[%clk 0:01:34]} h2 {[%clk 0:00:14]} 96. Qd6+ {[%clk 0:01:13]} Ke4
{[%clk 0:00:12]} 97. Qxh2 {[%clk 0:01:01]} Rf3+ {[%clk 0:00:20]} 98. Kg2
{[%clk 0:01:09]} Re3 {[%clk 0:00:27]} 99. Qd6 {[%clk 0:01:13]} Rd3
{[%clk 0:00:28]} 100. Qc5 {[%clk 0:01:09]} Rd2+ {[%clk 0:00:23]} 101. Kf1
{[%clk 0:01:17]} Kd3 {[%clk 0:00:24]} 102. Qb5+ {[%clk 0:01:10]} Ke3
{[%clk 0:00:22]} 103. Ke1 {[%clk 0:01:10]} Rd4 {[%clk 0:00:22]} 104. Qb3+
{[%clk 0:00:54]} Kf4 {[%clk 0:00:17]} 105. Ke2 {[%clk 0:01:00]} Re4+
{[%clk 0:00:25]} 106. Kf2 {[%clk 0:01:09]} Ke5 {[%clk 0:00:34]} 107. Qb8+
{[%clk 0:01:11]} Kd4 {[%clk 0:00:40]} 108. Qb6+ {[%clk 0:01:18]} Ke5
{[%clk 0:00:33]} 109. Qc5+ {[%clk 0:01:18]} Kf4 {[%clk 0:00:34]} 110. Qd5
{[%clk 0:01:14]} Re5 {[%clk 0:00:33]} 111. Qd4+ {[%clk 0:01:18]} Kf5
{[%clk 0:00:36]} 112. Kf3 {[%clk 0:01:27]} Ke6 {[%clk 0:00:34]} 113. Kf4
{[%clk 0:01:31]} Rf5+ {[%clk 0:00:43]} 114. Ke4 {[%clk 0:01:40]} Rh5
{[%clk 0:00:37]} 115. Qb6+ {[%clk 0:01:37]} Kf7 {[%clk 0:00:40]} 116. Kf4
{[%clk 0:01:38]} Ke7 {[%clk 0:00:22]} 117. Qc7+ {[%clk 0:01:09]} Ke6
{[%clk 0:00:25]} 118. Qc6+ {[%clk 0:01:08]} Ke7 {[%clk 0:00:25]} 119. Qg6
{[%clk 0:00:56]} Rc5 {[%clk 0:00:26]} 120. Ke4 {[%clk 0:01:02]} Kd7
{[%clk 0:00:32]} 121. Kd4 {[%clk 0:01:09]} Ra5 {[%clk 0:00:32]} 122. Qb6
{[%clk 0:01:01]} Rg5 {[%clk 0:00:23]} 123. Ke4 {[%clk 0:01:02]} Ke7
{[%clk 0:00:28]} 124. Kf4 {[%clk 0:01:08]} Rh5 {[%clk 0:00:27]} 125. Qc6
{[%clk 0:00:55]} Kf7 {[%clk 0:00:14]} 126. Qd7+ {[%clk 0:01:04]} Kf6
{[%clk 0:00:21]} 127. Qd8+ {[%clk 0:01:12]} Kf7 {[%clk 0:00:27]} 128. Kg4
{[%clk 0:01:13]} Re5 {[%clk 0:00:34]} 129. Qd7+ {[%clk 0:01:17]} Kf6
{[%clk 0:00:37]} 130. Qd6+ {[%clk 0:01:22]} Re6 {[%clk 0:00:47]} 131. Qd4+
{[%clk 0:01:31]} Kg6 {[%clk 0:00:46]} 132. Qd5 {[%clk 0:01:32]} Kf6
{[%clk 0:00:28]} 133. Qf5+ {[%clk 0:01:29]} Ke7 {[%clk 0:00:34]} 134. Kg5
{[%clk 0:01:35]} Kd6 {[%clk 0:00:42]} 135. Qd3+ {[%clk 0:01:44]} Kc5
{[%clk 0:00:27]} 136. Kf5 {[%clk 0:01:51]} Rd6 {[%clk 0:00:20]} 137. Qc3+
{[%clk 0:01:55]} Kd5 {[%clk 0:00:28]} 138. Qa5+ {[%clk 0:01:49]} Kc4
{[%clk 0:00:24]} 139. Ke5 {[%clk 0:01:50]} Rd3 {[%clk 0:00:25]} 140. Qa4+
{[%clk 0:01:47]} Kc3 {[%clk 0:00:26]} 141. Ke4 {[%clk 0:01:56]} Rd2
{[%clk 0:00:28]} 142. Qa3+ {[%clk 0:02:03]} Kc2 {[%clk 0:00:34]} 143. Ke3
{[%clk 0:02:11]} Rd1 {[%clk 0:00:21]} 144. Qa2+ {[%clk 0:02:06]} Kc1
{[%clk 0:00:28]} 145. Qc4+ {[%clk 0:02:05]} Kb2 {[%clk 0:00:34]} 146. Ke2
{[%clk 0:02:09]} Rc1 {[%clk 0:00:33]} 147. Qb4+ {[%clk 0:02:06]} Kc2
{[%clk 0:00:39]} 148. Qa4+ {[%clk 0:02:15]} Kc3 {[%clk 0:00:43]} 149. Qa3+
{[%clk 0:02:16]} Kc2 {[%clk 0:00:51]} 150. Qd3+ Kb2 151. Kd2 {[%clk 0:02:32]} Rb1
{[%clk 0:00:58]} 152. Qa6 {[%clk 0:02:28]} Kb3 {[%clk 0:00:48]} 153. Qa5
{[%clk 0:01:48]} Rb2+ {[%clk 0:00:31]} 154. Kd3 {[%clk 0:01:55]} Rb1
{[%clk 0:00:40]} 155. Qb6+ {[%clk 0:01:05]} Ka2 {[%clk 0:00:49]} 156. Qf2+
{[%clk 0:01:12]} Ka3 {[%clk 0:00:39]} 157. Qc5+ {[%clk 0:00:56]} Kb2
{[%clk 0:00:36]} 158. Qc3+ {[%clk 0:00:59]} Ka2 {[%clk 0:00:45]} 159. Qc2+
{[%clk 0:01:07]} Ka1 {[%clk 0:00:21]} 160. Qa4+ {[%clk 0:00:54]} Kb2
{[%clk 0:00:28]} 161. Kd2 {[%clk 0:00:59]} Rh1 {[%clk 0:00:21]} 162. Qb5+
{[%clk 0:00:55]} Ka3 {[%clk 0:00:24]} 163. Qa6+ {[%clk 0:01:04]} Kb3
{[%clk 0:00:29]} 164. Qb7+ {[%clk 0:01:13]} Ka4 {[%clk 0:00:38]} 165. Qxh1 1-0

[Event "Russian Championship (Rapid, Men)"]
[Site "Sochi"]
[Date "2018.10.06"]
[Round "6.2"]
[White "Artemiev, Vladislav"]
[Black "Iljiushenok, Ilia"]
[Result "1-0"]
[BlackElo "2611"]
[WhiteElo "2764"]
[LiveChessVersion "1.4.8"]

1. c4 {[%clk 0:15:13]} Nf6 {[%clk 0:15:18]} 2. Nc3 {[%clk 0:15:19]} g6
{[%clk 0:15:26]} 3. g3 {[%clk 0:15:27]} Bg7 {[%clk 0:15:35]} 4. Bg2
{[%clk 0:15:34]} O-O {[%clk 0:15:43]} 5. Nf3 {[%clk 0:15:18]} d6 {[%clk 0:15:51]}
6. O-O {[%clk 0:15:22]} a6 {[%clk 0:16:00]} 7. b3 {[%clk 0:15:13]} Nc6
{[%clk 0:15:50]} 8. Bb2 {[%clk 0:15:19]} Rb8 {[%clk 0:14:27]} 9. Rc1
{[%clk 0:15:11]} Bd7 {[%clk 0:14:20]} 10. e3 {[%clk 0:13:10]} b5 {[%clk 0:12:51]}
11. d3 {[%clk 0:13:19]} e5 {[%clk 0:12:38]} 12. Nd2 {[%clk 0:13:17]} Ne7
{[%clk 0:11:20]} 13. Qc2 {[%clk 0:12:58]} b4 {[%clk 0:10:54]} 14. Nd5
{[%clk 0:12:49]} h5 {[%clk 0:07:54]} 15. Nxf6+ {[%clk 0:10:47]} Bxf6
{[%clk 0:08:02]} 16. d4 {[%clk 0:10:55]} Bg7 {[%clk 0:06:50]} 17. dxe5
{[%clk 0:10:52]} dxe5 {[%clk 0:06:59]} 18. Ne4 {[%clk 0:10:30]} Bc6
{[%clk 0:06:53]} 19. Rcd1 {[%clk 0:10:18]} Qe8 {[%clk 0:06:57]} 20. Qe2
{[%clk 0:08:17]} Nf5 {[%clk 0:06:06]} 21. a3 {[%clk 0:07:27]} a5 {[%clk 0:05:47]}
22. axb4 {[%clk 0:07:30]} axb4 {[%clk 0:05:56]} 23. Ra1 {[%clk 0:07:24]} Ra8
{[%clk 0:05:30]} 24. Rxa8 {[%clk 0:06:50]} Bxa8 {[%clk 0:05:02]} 25. Ra1
{[%clk 0:06:38]} Qe7 {[%clk 0:03:43]} 26. Qe1 {[%clk 0:05:50]} Kh8
{[%clk 0:03:02]} 27. Ra4 {[%clk 0:05:26]} c5 {[%clk 0:03:11]} 28. Qa1
{[%clk 0:05:09]} Bxe4 {[%clk 0:02:05]} 29. Bxe4 {[%clk 0:05:18]} Nd6
{[%clk 0:01:43]} 30. Bd5 {[%clk 0:05:26]} Re8 {[%clk 0:00:44]} 31. Ra7
{[%clk 0:04:49]} Qf8 {[%clk 0:00:54]} 32. Rd7 {[%clk 0:04:21]} Kh7
{[%clk 0:00:41]} 33. Qa7 {[%clk 0:04:01]} Rc8 {[%clk 0:00:12]} 34. Qb6
{[%clk 0:03:46]} Nf5 {[%clk 0:00:12]} 35. Rxf7 {[%clk 0:03:53]} Qe8
{[%clk 0:00:22]} 36. Qa7 {[%clk 0:03:13]} 1-0

[Event "Russian Championship (Rapid, Men)"]
[Site "Sochi"]
[Date "2018.10.06"]
[Round "6.3"]
[White "Morozevich, Alexander"]
[Black "Savchenko, Boris"]
[Result "1-0"]
[BlackElo "2652"]
[WhiteElo "2672"]
[LiveChessVersion "1.4.8"]

1. e4 {[%clk 0:15:27]} e6 {[%clk 0:14:39]} 2. d4 {[%clk 0:15:30]} d5
{[%clk 0:14:47]} 3. Nc3 {[%clk 0:15:39]} Bb4 {[%clk 0:14:56]} 4. e5
{[%clk 0:15:36]} c5 {[%clk 0:15:04]} 5. a3 {[%clk 0:15:45]} Bxc3+
{[%clk 0:15:11]} 6. bxc3 {[%clk 0:15:53]} Qa5 {[%clk 0:15:20]} 7. Bd2
{[%clk 0:15:48]} Qa4 {[%clk 0:15:28]} 8. Qg4 {[%clk 0:15:49]} Kf8
{[%clk 0:15:35]} 9. Nf3 {[%clk 0:14:49]} b6 {[%clk 0:15:28]} 10. c4
{[%clk 0:12:09]} Qxc2 {[%clk 0:09:27]} 11. cxd5 {[%clk 0:11:27]} Ne7
{[%clk 0:04:19]} 12. d6 {[%clk 0:10:57]} Nd5 {[%clk 0:04:22]} 13. Rc1
{[%clk 0:10:42]} Qa4 {[%clk 0:03:39]} 14. Bc4 {[%clk 0:08:25]} Ba6
{[%clk 0:03:14]} 15. Bxd5 {[%clk 0:07:11]} exd5 {[%clk 0:03:20]} 16. e6
{[%clk 0:07:20]} h5 {[%clk 0:00:16]} 17. Qf5 {[%clk 0:05:03]} Qe8
{[%clk 0:00:24]} 18. Ne5 {[%clk 0:04:27]} Qxe6 {[%clk 0:00:18]} 19. Qxe6
{[%clk 0:04:34]} fxe6 {[%clk 0:00:26]} 20. dxc5 {[%clk 0:04:37]} bxc5
{[%clk 0:00:32]} 21. Rxc5 {[%clk 0:04:42]} Kg8 {[%clk 0:00:39]} 22. d7
{[%clk 0:04:05]} Kh7 {[%clk 0:00:46]} 23. Bg5 {[%clk 0:04:13]} 1-0

[Event "Russian Championship (Rapid, Men)"]
[Site "Sochi"]
[Date "2018.10.06"]
[Round "6.4"]
[White "Tomashevsky, Evgeny"]
[Black "Truskavetsky, Alexandr"]
[Result "1-0"]
[BlackElo "2366"]
[WhiteElo "2726"]
[LiveChessVersion "1.4.8"]

1. c4 {[%clk 0:15:18]} Nf6 {[%clk 0:15:14]} 2. Nc3 {[%clk 0:15:26]} c5
{[%clk 0:14:59]} 3. Nf3 {[%clk 0:15:19]} Nc6 {[%clk 0:14:45]} 4. g3
{[%clk 0:15:14]} g6 {[%clk 0:14:54]} 5. Bg2 {[%clk 0:15:15]} Bg7 {[%clk 0:15:02]}
6. d4 {[%clk 0:15:23]} cxd4 {[%clk 0:14:53]} 7. Nxd4 {[%clk 0:15:31]} O-O
{[%clk 0:14:58]} 8. O-O {[%clk 0:15:37]} Nxd4 {[%clk 0:14:38]} 9. Qxd4
{[%clk 0:15:45]} d6 {[%clk 0:14:47]} 10. Qd3 {[%clk 0:15:33]} Qa5
{[%clk 0:14:39]} 11. Bd2 {[%clk 0:09:14]} Qh5 {[%clk 0:14:35]} 12. f3
{[%clk 0:09:04]} Be6 {[%clk 0:13:48]} 13. b3 {[%clk 0:09:04]} d5 {[%clk 0:13:06]}
14. cxd5 {[%clk 0:07:18]} Nxd5 {[%clk 0:13:00]} 15. Nxd5 {[%clk 0:07:26]} Bxd5
{[%clk 0:11:19]} 16. Bc3 {[%clk 0:06:42]} Bxc3 {[%clk 0:07:53]} 17. Qxc3
{[%clk 0:06:51]} Bc6 {[%clk 0:07:43]} 18. Rfd1 {[%clk 0:05:22]} Rfd8
{[%clk 0:07:39]} 19. Rac1 {[%clk 0:05:01]} Qf5 {[%clk 0:07:10]} 20. Kf2
{[%clk 0:04:43]} Rd7 {[%clk 0:06:55]} 21. Qe3 {[%clk 0:04:10]} a6
{[%clk 0:06:51]} 22. Rxd7 {[%clk 0:03:19]} Qxd7 {[%clk 0:06:59]} 23. Rc3
{[%clk 0:03:28]} Rd8 {[%clk 0:06:14]} 24. Rd3 {[%clk 0:03:34]} Qc7
{[%clk 0:06:23]} 25. Rxd8+ {[%clk 0:03:35]} Qxd8 {[%clk 0:06:32]} 26. b4
{[%clk 0:03:38]} Qd6 {[%clk 0:06:14]} 27. a3 {[%clk 0:03:43]} h5 {[%clk 0:05:58]}
28. h4 {[%clk 0:03:32]} e5 {[%clk 0:05:07]} 29. Qc3 {[%clk 0:03:22]} Qe6
{[%clk 0:04:21]} 30. Qc5 {[%clk 0:03:13]} Qf6 {[%clk 0:03:18]} 31. Bh3
{[%clk 0:03:02]} e4 {[%clk 0:03:00]} 32. f4 {[%clk 0:03:09]} Qb2 {[%clk 0:02:43]}
33. f5 {[%clk 0:02:31]} Qxa3 {[%clk 0:02:36]} 34. fxg6 {[%clk 0:02:36]} e3+
{[%clk 0:02:24]} 35. Qxe3 {[%clk 0:02:33]} Qxe3+ {[%clk 0:02:31]} 36. Kxe3
{[%clk 0:02:40]} fxg6 {[%clk 0:02:40]} 37. Bc8 {[%clk 0:01:42]} Kf7
{[%clk 0:02:34]} 38. Kd4 {[%clk 0:01:51]} Ke7 {[%clk 0:01:53]} 39. Ke5
{[%clk 0:01:48]} Kd8 {[%clk 0:01:01]} 40. Be6 {[%clk 0:01:55]} b6
{[%clk 0:01:09]} 41. Kd6 {[%clk 0:01:51]} Be4 {[%clk 0:01:02]} 42. Bb3
{[%clk 0:00:46]} a5 {[%clk 0:01:06]} 43. bxa5 {[%clk 0:00:55]} bxa5
{[%clk 0:01:15]} 44. Ba4 {[%clk 0:01:05]} Bb1 {[%clk 0:01:05]} 45. Bc6
{[%clk 0:01:04]} Bc2 {[%clk 0:00:21]} 46. e4 1-0

[Event "Russian Championship (Rapid, Men)"]
[Site "Sochi"]
[Date "2018.10.06"]
[Round "6.6"]
[White "Oparin, Grigoriy"]
[Black "Sychev, Klementy"]
[Result "1-0"]
[BlackElo "2578"]
[WhiteElo "2671"]
[LiveChessVersion "1.4.8"]

1. c4 {[%clk 0:15:18]} g6 {[%clk 0:15:19]} 2. g3 {[%clk 0:15:25]} c5
{[%clk 0:15:28]} 3. Bg2 {[%clk 0:15:33]} Bg7 {[%clk 0:15:37]} 4. Nc3
{[%clk 0:15:42]} Nc6 {[%clk 0:15:45]} 5. a3 {[%clk 0:15:47]} e6 {[%clk 0:14:55]}
6. Rb1 {[%clk 0:15:47]} Nge7 {[%clk 0:14:51]} 7. b4 {[%clk 0:15:45]} d6
{[%clk 0:13:22]} 8. e3 {[%clk 0:14:47]} Ne5 {[%clk 0:11:51]} 9. Qe2
{[%clk 0:13:31]} O-O {[%clk 0:09:12]} 10. f4 {[%clk 0:12:17]} N5c6
{[%clk 0:09:20]} 11. Nf3 {[%clk 0:12:25]} b6 {[%clk 0:08:25]} 12. b5
{[%clk 0:11:29]} Na5 {[%clk 0:08:31]} 13. Bb2 {[%clk 0:11:37]} d5
{[%clk 0:07:55]} 14. d3 {[%clk 0:11:27]} Bb7 {[%clk 0:07:58]} 15. O-O
{[%clk 0:10:33]} Nf5 {[%clk 0:07:38]} 16. Ne5 {[%clk 0:04:38]} d4
{[%clk 0:07:24]} 17. Nd1 {[%clk 0:03:52]} Bxg2 {[%clk 0:06:16]} 18. Kxg2
{[%clk 0:04:00]} dxe3 {[%clk 0:06:24]} 19. Nxe3 {[%clk 0:03:59]} Nd4
{[%clk 0:06:30]} 20. Qf2 {[%clk 0:02:39]} Rc8 {[%clk 0:06:17]} 21. h4
{[%clk 0:02:24]} h5 {[%clk 0:04:48]} 22. g4 {[%clk 0:02:33]} hxg4
{[%clk 0:04:34]} 23. N3xg4 {[%clk 0:02:41]} Nf5 {[%clk 0:01:58]} 24. Rh1
{[%clk 0:02:50]} f6 {[%clk 0:01:16]} 25. Nxg6 {[%clk 0:02:49]} Qxd3
{[%clk 0:01:24]} 26. Nxf8 {[%clk 0:02:24]} Rxf8 {[%clk 0:01:15]} 27. Rhe1
{[%clk 0:01:38]} Nxc4 {[%clk 0:01:21]} 28. Rbd1 {[%clk 0:01:47]} Qb3
{[%clk 0:01:27]} 29. Ba1 {[%clk 0:01:53]} Nxa3 {[%clk 0:01:17]} 30. Rd2
{[%clk 0:00:52]} Nxb5 {[%clk 0:01:01]} 31. h5 {[%clk 0:00:31]} Nbd4
{[%clk 0:01:06]} 32. Bxd4 {[%clk 0:00:39]} Nxd4 {[%clk 0:01:08]} 33. h6
{[%clk 0:00:38]} Qd5+ {[%clk 0:00:37]} 34. Kg3 {[%clk 0:00:42]} Bh8
{[%clk 0:00:45]} 35. Qg2 {[%clk 0:00:21]} Qf5 {[%clk 0:00:21]} 36. Ne3
{[%clk 0:00:13]} Qg6+ {[%clk 0:00:16]} 37. Kh3 {[%clk 0:00:22]} Qxg2+
{[%clk 0:00:21]} 38. Rxg2+ Kh7 39. f5 {[%clk 0:00:29]} exf5 {[%clk 0:00:35]} 40.
Nd5 {[%clk 0:00:31]} Nf3 {[%clk 0:00:21]} 41. Re7+ {[%clk 0:00:37]} Kxh6
{[%clk 0:00:30]} 42. Nf4 {[%clk 0:00:20]} Ng5+ {[%clk 0:00:17]} 43. Kg3
{[%clk 0:00:28]} Rf7 {[%clk 0:00:21]} 44. Rh2+ {[%clk 0:00:23]} Kg7
{[%clk 0:00:29]} 45. Re8 {[%clk 0:00:30]} Nh7 {[%clk 0:00:17]} 46. Ne6+
{[%clk 0:00:38]} Kg6 {[%clk 0:00:26]} 47. Rxh8 {[%clk 0:00:46]} Re7
{[%clk 0:00:15]} 48. Nf4+ {[%clk 0:00:53]} Kg7 {[%clk 0:00:24]} 49. R2xh7# 1-0

[Event "Russian Championship (Rapid, Men)"]
[Site "Sochi"]
[Date "2018.10.06"]
[Round "6.7"]
[White "Esipenko, Andrey"]
[Black "Alekseenko, Kirill"]
[Result "1/2-1/2"]
[BlackElo "2668"]
[WhiteElo "2605"]
[LiveChessVersion "1.4.8"]

1. d4 {[%clk 0:15:18]} d5 {[%clk 0:15:16]} 2. Nf3 {[%clk 0:15:23]} Nf6
{[%clk 0:15:20]} 3. Bf4 {[%clk 0:15:29]} c5 {[%clk 0:15:14]} 4. e3
{[%clk 0:15:34]} Nc6 {[%clk 0:15:19]} 5. Nbd2 {[%clk 0:15:39]} e6
{[%clk 0:15:21]} 6. c3 {[%clk 0:15:46]} Bd6 {[%clk 0:15:24]} 7. Bg3
{[%clk 0:15:52]} O-O {[%clk 0:15:15]} 8. Bd3 {[%clk 0:15:57]} b6 {[%clk 0:15:16]}
9. Qe2 {[%clk 0:16:03]} Bb7 {[%clk 0:15:19]} 10. Rd1 {[%clk 0:15:51]} Re8
{[%clk 0:15:00]} 11. e4 {[%clk 0:15:58]} Be7 {[%clk 0:14:55]} 12. e5
{[%clk 0:15:40]} Nh5 {[%clk 0:15:01]} 13. h4 {[%clk 0:15:42]} Nxg3
{[%clk 0:14:07]} 14. fxg3 {[%clk 0:15:50]} Rf8 {[%clk 0:14:02]} 15. Bxh7+
{[%clk 0:14:21]} Kxh7 {[%clk 0:14:08]} 16. Ng5+ {[%clk 0:14:21]} Kh6
{[%clk 0:13:43]} 17. Qd3 {[%clk 0:14:07]} g6 {[%clk 0:13:35]} 18. h5
{[%clk 0:13:58]} Kg7 {[%clk 0:13:24]} 19. Nxe6+ {[%clk 0:13:17]} fxe6
{[%clk 0:13:31]} 20. Qxg6+ {[%clk 0:13:21]} Kh8 {[%clk 0:13:38]} 21. Qh6+
{[%clk 0:13:25]} Kg8 {[%clk 0:13:45]} 22. Qg6+ {[%clk 0:13:27]} Kh8
{[%clk 0:13:52]} 23. Qh6+ {[%clk 0:13:34]} 1/2-1/2